000 00449nam a22001817a 4500
005 20250415120013.0
008 250411b |||||||| |||| 00| 0 eng d
020 _a9788119114702
041 _aeng
082 _a342.06 MAS-A
100 _aMASSEY, DR. I.P
_98607
245 _aADMINISTRATIVE LAW
250 _a10TN ED. 2022
260 _aLUCKNOW
_bEBC PUBLISHING PVT. LTD
_c2023
300 _a631;P
650 _aLEGAL STUDIES
_98608
942 _cBK
999 _c8737
_d8735